000 00690nam a22002177a 4500
003 UA-OsUOA
001 44913
007 ta
008 20070319b un ||||| |||| 00| 0 ukr d
100 _aКуликов В.
090 _a659
_bК-11
942 _cSA
040 _aUA-OsUOA
_brus
_cUA-OsUOA
_dUA-OsUOA
245 _aПять двигателей рынка коммуникаций в местах продаж (POSM)
300 _aC/14-15 с.
955 _a0
041 _arus
080 _a659
773 0 _w44911
650 7 _a659 Реклама. Система інформації. Громадська інформація та реклама (Паблик-Рилейшнз)
_2UDC
999 _c331037
_d331037